[Event "TCh-AUT 2 West 2012-13"]
[Site "Rum AUT"]
[Date "2012.12.01"]
[Round "5.6"]
[White "Pitl,G"]
[Black "Mira,H"]
[Result "1-0"]
[WhiteElo "2401"]
[BlackElo "2090"]

1.e4 d6 2.d4 Nf6 3.Nc3 c6 4.f4 Qa5 5.Bd3 e5 6.Nf3 Nbd7 7.Qe2 Be7 8.Bd2 Qc7
9.O-O-O O-O 10.g4 exd4 11.Nxd4 Nc5 12.Rhg1 Nxd3+ 13.cxd3 d5 14.e5 Bc5 15.Be3 Bxd4
16.Bxd4 Nd7 17.Kb1 Re8 18.Bf2 Qd8 19.Qf3 Qa5 20.Rc1 f6 21.exf6 Nxf6 22.Bd4 Rf8
23.f5 Bd7 24.Ne2 Ne8 25.Nf4 Nc7 26.Qg3 Rae8 27.Nh5 Rf7 28.Rge1 Rxe1 29.Rxe1 Nb5
30.Bxg7 Rxg7 31.Nxg7 Nc3+ 32.bxc3 Qxc3 33.Ne6 Qb4+ 34.Kc2 c5  1-0

[Event "Doroshkevicha Mem Open 2012"]
[Site "Sochi RUS"]
[Date "2012.12.01"]
[Round "6"]
[White "Ostrovsky,A"]
[Black "Mokhna,N"]
[Result "1/2-1/2"]
[WhiteElo "2343"]
[BlackElo "2118"]

1.e4 d6 2.d4 Nf6 3.Nc3 Nbd7 4.g3 e5 5.Nge2 Be7 6.Bg2 c6 7.a4 a5 8.h3 O-O
9.O-O Qc7 10.Be3 Re8 11.f4 b6 12.g4 Ba6 13.Rf2 Bxe2 14.Rxe2 exf4 15.Bxf4 Nf8
16.Qd3 Ng6 17.Bg3 Nd7 18.Qc4 Rac8 19.Rf1 Rf8 20.Ref2 Nf6 21.g5 Nh5 22.Rxf7 Rxf7
23.Qxf7+ Kh8 24.Bh2 Bxg5 25.Qxc7 Rxc7 26.Rf5 Be3+ 27.Kf1 Nhf4 28.Bxf4 Bxf4
29.h4 h5 30.Ne2 Be3 31.Rxh5+ Kg8 32.Bh3 Rf7+ 33.Rf5 Nxh4 34.Rxf7 Kxf7 35.c3 Kf6
36.b4 axb4 37.cxb4 Nf3 38.Bd7 Nxd4  1/2-1/2

[Event "Doroshkevicha Mem Open 2012"]
[Site "Sochi RUS"]
[Date "2012.12.01"]
[Round "6"]
[White "Kudelya,I"]
[Black "Kulikova,E"]
[Result "1-0"]
[WhiteElo "2118"]
[BlackElo "1908"]

1.e4 d6 2.d4 Nf6 3.Nc3 Nbd7 4.Nf3 e5 5.Bc4 Be7 6.O-O c6 7.a4 O-O 8.Re1 Qc7
9.Ba2 b6 10.d5 c5 11.Bc4 a6 12.Nh4 g6 13.Bh6 Re8 14.Ra3 Rb8 15.Qe2 Qb7 16.Rb3 Bf8
17.Bg5 Bg7 18.g3 Rf8 19.Qd2 Qc7 20.f3 Kh8 21.Qe2 Ra8 22.Nd1 Nb8 23.Nf2 Ng8
24.Bd2 Bd7 25.Ra1 Qd8 26.Bd3 Ne7 27.Qf1 Bc8 28.Kh1 Nd7 29.Rba3 Bf6 30.Ng2 Bg7
31.c3 Bb7 32.Qe2 Qc7 33.Be3 Rfc8 34.Bc4 Rf8 35.Rf1 Nf6 36.h4 Nh5 37.Kh2 Nf6
38.Nh3 Qd7 39.b3 Bc8 40.Nf2 Ne8 41.Rh1 Nf6 42.Ne1 Nh5 43.Kg2 f5 44.Bc1 f4
45.gxf4 exf4 46.Qd3 Ng8 47.Rh2 Qe7 48.Kg1 Nh6 49.Ng2 Nf7 50.Qc2 Ne5 51.Be2 Bh6
52.b4 Ng3 53.Bd1 c4 54.b5 axb5 55.axb5 Rxa3 56.Bxa3 Bd7 57.Qa4 Rc8 58.Qa7 Bxb5
59.Qxe7  1-0

[Event "TCh-BEL 2012-13"]
[Site "Belgium BEL"]
[Date "2012.12.02"]
[Round "5.6"]
[White "Braun,Christi2"]
[Black "Meessen,R"]
[Result "1-0"]
[WhiteElo "2405"]
[BlackElo "2276"]

1.e4 d6 2.d4 Nf6 3.Nc3 c6 4.f4 Qa5 5.Bd3 e5 6.Nf3 Bg4 7.Be3 exf4 8.Bxf4 Qb6
9.a3 Bxf3 10.gxf3 Qxd4 11.Qe2 Nbd7 12.O-O-O Be7 13.Rhg1 O-O 14.Bh6 g6 15.Be3 Qe5
16.f4 Qa5 17.Bd2 Qh5 18.Qg2 Nc5 19.Be2 Qh4 20.Bf3 Rfe8 21.Ne2 Bf8 22.Ng3 Kh8
23.Kb1 Bh6 24.Bc3 Na4 25.Bd4 c5 26.Nf5 gxf5 27.Qf2 Qxf2 28.Bxf6+ Bg7 29.Bxg7+ Kg8
30.Bh6+ Kh8 31.Bg7+ Kg8 32.Bd4+ Qxg1 33.Rxg1+ Kf8 34.Bg7+ Ke7 35.exf5 Nb6
36.Bxb7 Rab8 37.Bc6 Rec8 38.Re1+ Kd8 39.Bf3 Kd7 40.Be2 c4 41.Bh5 Kc6 42.Bd4 Rc7
43.Bf3+ d5 44.Re5 Rd7 45.f6 Na4 46.Kc1 Nc5 47.Rh5 Rh8 48.Kd2 Ne6 49.Be5 Nf8
50.b3 cxb3 51.c4 Ng6 52.Kc3 Nxe5 53.Bxd5+ Kc7 54.fxe5 Rb8 55.Kb2 a5 56.a4 h6
57.Rxh6 Rdd8 58.Rh7 Kb6 59.Rxf7 Rh8 60.Rg7 Rxh2+ 61.Bg2 Kc5 62.f7 Rf8 63.Kxb3 Rh6
64.Bd5 Kd4 65.Rg8 Rh3+ 66.Kc2 Rh2+ 67.Kc1 Rxf7 68.Bxf7 Kxe5 69.Rd8 Ra2 70.Be8 Ke4
71.c5 Ke3 72.Bb5 Rh2 73.c6 Rh1+ 74.Kc2 Rh2+  1-0

[Event "TCh-CZE Extraliga 2012-13"]
[Site "Czech Republic CZE"]
[Date "2012.12.02"]
[Round "4.1"]
[White "Azarov,S"]
[Black "Babula,V"]
[Result "1-0"]
[WhiteElo "2618"]
[BlackElo "2585"]

1.e4 d6 2.d4 Nf6 3.Nc3 e5 4.Nf3 Nbd7 5.Bc4 Be7 6.O-O O-O 7.Re1 c6 8.a4 exd4
9.Nxd4 Ne5 10.Bf1 Re8 11.h3 Bf8 12.Bf4 Bd7 13.Bg3 Ng6 14.Nb3 Be6 15.f4 Qc7
16.Kh1 Rad8 17.Qf3 a5 18.Rad1 h6 19.Nd4 Bc8 20.Bc4 Qb6 21.Bb3 Qc5 22.f5 Ne5
23.Qf1 Qb6 24.Nf3 Qc7 25.Bh4 Nxf3 26.gxf3 Be7 27.Qg2 Nh7 28.Rg1 Bf8 29.f6 g5
30.f4 Qd7 31.Rd3 Kh8 32.fxg5 hxg5 33.Bxg5  1-0

[Event "TCh-DEN XtraCon 2012-13"]
[Site "Denmark DEN"]
[Date "2012.12.02"]
[Round "3.6"]
[White "Boe,M"]
[Black "Klitgaard,T"]
[Result "1-0"]
[WhiteElo "2362"]
[BlackElo "2186"]

1.e4 d6 2.d4 Nf6 3.Nc3 c6 4.Be3 Qa5 5.f3 e5 6.Qd2 Be6 7.Nge2 Nbd7 8.Nc1 d5
9.Nb3 Qc7 10.exd5 Nxd5 11.Nxd5 Bxd5 12.c4 Be6 13.d5 Bf5 14.Be2 c5 15.Bd3 Bg6
16.O-O-O Bd6 17.h4 O-O-O 18.h5 Bxd3 19.Qxd3 Kb8 20.Nd2 Nb6 21.Ne4 Nc8 22.Kb1 b6
23.Rdf1 Be7 24.f4 f5 25.fxe5 fxe4 26.Qxe4 Rdf8 27.Bf4 h6 28.Rd1 Qb7 29.Rhe1 Bg5
30.Bg3 Qe7 31.Qg4 Re8 32.d6 Qe6 33.Qxe6 Rxe6 34.d7 Rd8 35.dxc8=Q+ Kxc8 36.Bh2 Rd4
37.Rxd4 cxd4 38.Kc2 Kd7 39.Kd3 Be3 40.Ke4 Kc6 41.Bg1 Bxg1 42.Rxg1 Kc5 43.Rd1 Kxc4
44.Rc1+ Kb5 45.Kxd4 Re7 46.Rc2 a5 47.Kd5  1-0

[Event "4th London Classic Open"]
[Site "London ENG"]
[Date "2012.12.02"]
[Round "2"]
[White "Ansell,S"]
[Black "Willmoth,R"]
[Result "1-0"]
[WhiteElo "2377"]
[BlackElo "2164"]

1.e4 d6 2.d4 Nf6 3.Nc3 c6 4.Bg5 Nbd7 5.Qd2 h6 6.Bh4 g5 7.Bg3 Nh5 8.Nge2 e5
9.O-O-O Qc7 10.h4 Be7 11.Bh2 Nf8 12.Kb1 Ng6 13.hxg5 hxg5 14.Bg1 Bd7 15.Qe3 b5
16.Nc1 b4 17.N3e2 c5 18.dxe5 dxe5 19.f3 c4 20.g4 Ng7 21.Rxh8+ Nxh8 22.Ng3 Ne6
23.Nf5 Bc5 24.Ng7+ Ke7 25.Nxe6 Bxe3 26.Nxc7  1-0

[Event "4th London Classic Open"]
[Site "London ENG"]
[Date "2012.12.02"]
[Round "2"]
[White "Wallace,P"]
[Black "Shaw,J"]
[Result "0-1"]
[WhiteElo "2193"]
[BlackElo "2435"]

1.e4 d6 2.d4 Nf6 3.Nc3 e5 4.dxe5 dxe5 5.Qxd8+ Kxd8 6.Bg5 c6 7.f4 h6 8.Bxf6+ gxf6
9.fxe5 fxe5 10.Nf3 f6 11.Bc4 Nd7 12.Nh4 Bb4 13.O-O Bxc3 14.bxc3 Kc7 15.Be6 Nc5
16.Bxc8 Raxc8 17.Rxf6 Nxe4 18.Rf7+ Kb8 19.Re1 Nxc3 20.Rxe5 Rc7 21.Rxc7 Kxc7
22.Re7+ Kb6 23.a3 a5 24.Nf5 Nb5 25.Re3 a4 26.c4 Nc7 27.g4 Rg8 28.Rg3 Rg6
29.h4 Kc5 30.h5 Rf6 31.Ne7 Kxc4 32.Ng8 Rf8 33.Nxh6 Ne6 34.Nf5 b5 35.h6 Ng5
36.Ne3+ Kb3 37.Nd5+ Kb2 38.Ne7 Rf6 39.h7 Nxh7 40.g5 Re6 41.Nf5 Rg6 42.Kf1 Rxg5
43.Rf3 c5 44.Nd6 c4 45.Ne4 Re5 46.Nf2 Ng5 47.Rg3 Ne4  0-1

[Event "TCh-AUT 2 West 2012-13"]
[Site "Rum AUT"]
[Date "2012.12.02"]
[Round "6.1"]
[White "Lanka,Z"]
[Black "Webersberger,J"]
[Result "1/2-1/2"]
[WhiteElo "2430"]
[BlackElo "2392"]

1.e4 d6 2.d4 Nf6 3.Nc3 e5 4.Nf3 Nbd7 5.h3 Be7 6.Bd3 O-O 7.O-O c6 8.Re1 h6
9.a4 Nh7 10.Be3 Ng5 11.Nd2 exd4 12.Bxd4 Nc5 13.Bxc5 dxc5 14.Nc4 b6 15.f4 Ne6
16.Rf1 Nd4 17.Kh1 b5 18.axb5 cxb5 19.Ne3 c4 20.Be2 Bb7 21.Ncd5 Bc5 22.b3 cxb3
23.cxb3 Nxe2 24.Qxe2 Bxe3 25.Qxe3 Bxd5 26.exd5 Qxd5 27.f5 Rfe8 28.Qg3 a5
29.f6 g6 30.Rad1 Qh5 31.Rd7 Qe2 32.Qf4 g5 33.Qf5 Re5 34.Qb1 Rae8 35.Kh2 Qe4
36.Qd1 Rf5 37.Rxf5 Qxf5 38.Rd8 Qe5+ 39.Kh1 a4 40.bxa4 bxa4 41.Qd7 Rxd8 42.Qxd8+ Kh7
43.Qd3+  1/2-1/2

[Event "TCh-HUN 2012-13"]
[Site "Szombathely HUN"]
[Date "2012.12.02"]
[Round "5"]
[White "Meszaros,Mi"]
[Black "Papp,T1"]
[Result "1/2-1/2"]
[WhiteElo "2412"]
[BlackElo "2297"]

1.e4 d6 2.d4 Nf6 3.Nc3 e5 4.Nf3 Nbd7 5.Bc4 Be7 6.O-O O-O 7.Re1 c6 8.a4 b6
9.b3 a6 10.Bb2 Qc7 11.Bd3 Re8 12.Ne2 Bf8 13.Ng3 Bb7 14.c4 exd4 15.Bxd4 g6
16.Qd2 Bg7 17.Qb2 Ne5 18.Nxe5 dxe5 19.Be3 Bf8 20.f3 Rad8 21.Bf1 Bb4 22.Red1 Nd7
23.Qf2 Bc5 24.a5 Bxe3 25.Qxe3 bxa5 26.c5 Nf8 27.Bc4 Rxd1+ 28.Rxd1 Rd8 29.Ra1 Qe7
30.h3 Ne6 31.Rxa5 Rd4 32.Ne2 Rd1+ 33.Kh2 Nc7 34.Nc3 Rd4 35.Ne2 Rd1 36.Ra2 Bc8
37.Nc3 Rd8 38.Na4 Be6 39.Nb6 Bxc4 40.Nxc4 Rd4 41.Nd6 Kg7 42.Qe1 Ne6 43.Qg3 Kh6
44.Rxa6 Nxc5 45.Rxc6 Rxd6 46.Rxc5 Re6 47.b4 Kg7 48.Qf2 h5 49.h4 Qf6 50.b5 Rb6
51.Qg3 Qd8 52.Rxe5 Qb8 53.Rd5 Rxb5 54.Rxb5 Qxb5 55.Qd6 Qc4 56.Qe5+ Kg8 57.Qf6 Qb4
58.Kh3 Qe1 59.Kh2 Qe3 60.Qg5 Qe1 61.e5 Qe2 62.Qd8+ Kg7 63.Qf6+ Kg8 64.Qf4 Qe1
65.Qg3 Qe2 66.f4 Qe4 67.Qg5 Qe3 68.Qd8+ Kg7 69.Qf6+ Kg8 70.Qg5 Kg7 71.Qg3 Qe4
72.Qf2 Kg8 73.Kg3 Kg7 74.Qd2 Qf5 75.Qe2 Kg8 76.Qf3 Kg7 77.Kf2 Qc2+ 78.Qe2 Qc5+
79.Kf3 Qc3+ 80.Qe3 Qc2 81.Qd4 Qb3+ 82.Kf2 Qc2+ 83.Kg1 Kg8 84.Qd8+ Kh7 85.Qf6 Qc4
86.Kh2 Kg8 87.Qd8+ Kg7 88.Qd2 Qe4 89.Kg3 Qf5 90.Kf2 Qe4 91.g3 Kg8 92.Qe3 Qc2+
93.Ke1 Kg7 94.Qd4 Kg8 95.Qd2 Qc4 96.Qe2 Qb3 97.Kf2 Qd5 98.Qf3 Qd2+ 99.Kg1 Qe1+
100.Kg2 Qd2+ 101.Kh3 Qe1 102.g4 hxg4+ 103.Kxg4 Qg1+ 104.Kh3 Kg7 105.f5 Kh7
106.e6 f6 107.e7 Qe1 108.Qg3 Qf1+ 109.Kh2 Qe2+ 110.Qg2 Qe5+ 111.Qg3 Qe2+  1/2-1/2

[Event "4th London Classic Open"]
[Site "London ENG"]
[Date "2012.12.03"]
[Round "3"]
[White "Lenier,J"]
[Black "Black,Ri"]
[Result "1/2-1/2"]
[WhiteElo "2069"]
[BlackElo "2227"]

1.e4 d6 2.d4 Nf6 3.Nc3 c6 4.Nf3 Bg4 5.Be3 e6 6.Bd3 Be7 7.h3 Bh5 8.Qe2 Qa5
9.Bd2 Qb6 10.g4 Bg6 11.g5 Nfd7 12.O-O-O Na6 13.Na4 Qc7 14.Bxa6 bxa6 15.Nh4 d5
16.Nxg6 hxg6 17.Qxa6 Rh4 18.f4 dxe4 19.Nc3 e3 20.Bxe3 Nb6 21.Kb1 Rb8 22.Bf2 Rh5
23.h4 Bd6 24.f5 gxf5 25.d5 Nxd5 26.Rxd5 cxd5 27.Bxa7 Rc8 28.Qe2 Rh8 29.Nb5 Qd7
30.Bd4 Rc4 31.a4 Rxa4 32.Nxd6+ Qxd6 33.Qb5+ Qd7 34.Qb8+ Qd8 35.Qb5+  1/2-1/2

[Event "3rd Bali Femenino Int"]
[Site "Benidorm ESP"]
[Date "2012.12.04"]
[Round "1.3"]
[White "Guadamuro Torrente,A"]
[Black "Perera Borrego,M"]
[Result "1-0"]
[WhiteElo "2215"]
[BlackElo "2088"]

1.e4 d6 2.d4 Nf6 3.Nc3 e5 4.Nf3 Nbd7 5.Bc4 Be7 6.a4 a5 7.O-O O-O 8.Qe2 c6
9.Ba2 exd4 10.Nxd4 Nc5 11.Bf4 Qb6 12.Rfd1 Bg4 13.f3 Be6 14.Be3 Bxa2 15.Rxa2 g6
16.Nb3 Nfd7 17.Kh1 Qc7 18.Nd2 Na6 19.Nc4 Rad8 20.Raa1 Rfe8 21.Rd2 Nb4 22.Rad1 Nc5
23.Qf2 b6 24.Bf4 Qa7 25.Nxd6 Rf8 26.Bh6 Qc7 27.Bxf8 Rxf8 28.e5 f6 29.exf6 Bxf6
30.Nde4 Be7 31.Nxc5 Bxc5 32.Qh4 Qe5 33.Rd7 h5 34.Qc4+ Kh8 35.Qe4 Qf6 36.Qe2 Qf5
37.Ne4 Re8 38.Nf6 Qxd7 39.Rxd7  1-0

[Event "33rd Crespi Memorial"]
[Site "Milan ITA"]
[Date "2012.12.04"]
[Round "4.4"]
[White "Martinez,Rol"]
[Black "Pancevski,F"]
[Result "0-1"]
[WhiteElo "2441"]
[BlackElo "2512"]

1.e4 d6 2.d4 Nf6 3.Nc3 e5 4.Nf3 Nbd7 5.Bc4 Be7 6.O-O O-O 7.Re1 a6 8.a4 b6
9.b3 Bb7 10.Bb2 c6 11.Bd3 g6 12.Qd2 Re8 13.dxe5 dxe5 14.Ne2 Qc7 15.Ng3 Bf8
16.h4 Rad8 17.b4 b5 18.h5 Ng4 19.Qg5 Ndf6 20.hxg6 hxg6 21.Nh2 Nxh2 22.Kxh2 Nh7
23.Qd2 Qe7 24.Bc3 Nf6 25.Qg5 Bh6 26.Qh4 Kg7 27.Nf5+ gxf5 28.exf5 Bf4+ 29.Kg1 Nd5
30.Qg4+ Qg5 31.Bxe5+ Rxe5 32.Qxg5+ Bxg5 33.Rxe5 Bf6 34.Rxd5 Rxd5 35.Ra3 Rd4
36.Be2 Rxb4 37.axb5 cxb5 38.Rg3+ Kf8 39.Rd3 Be5 40.f3 Ke7 41.g4 a5 42.g5 Bc6
43.f6+ Ke6 44.Re3 Rh4 45.Bd3 Kd6 46.g6 Bd4 47.g7 Bxe3+ 48.Kf1 Bxf3  0-1

[Event "4th London Classic Open"]
[Site "London ENG"]
[Date "2012.12.05"]
[Round "5"]
[White "Compton,A"]
[Black "Eriksson,Jor"]
[Result "0-1"]
[WhiteElo "2090"]
[BlackElo "2213"]

1.e4 d6 2.d4 Nf6 3.Nc3 e5 4.Nf3 Nbd7 5.g4 h6 6.h3 c6 7.Bg2 Be7 8.Be3 b5 9.a3 a6
10.Qd2 Qc7 11.O-O Nf8 12.Ne1 g5 13.Nd3 Ng6 14.dxe5 dxe5 15.Nc5 Nf4 16.Ne2 h5
17.f3 Nd7 18.Nxd7 Bxd7 19.Ng3 Be6 20.Rfd1 hxg4 21.hxg4 O-O 22.Bf1 Kg7 23.Bxf4 gxf4
24.Nf5+ Bxf5 25.exf5 Bc5+ 26.Kg2 Qe7 27.Bd3 Be3 28.Qe2 Rh8 29.Rh1 c5 30.b3 Rad8
31.Rxh8 Rxh8 32.Rh1 Rxh1 33.Kxh1 Qh4+ 34.Qh2 Qe1+ 35.Kg2 Qf2+ 36.Kh1 Qe1+
37.Kg2 Qf2+ 38.Kh1 Qxf3+ 39.Qg2 Qd1+ 40.Qf1 Qxf1+ 41.Bxf1 e4 42.a4 bxa4 43.bxa4 a5
44.Bc4 Kf6 45.Kg2 Bd2 46.Kf1 f3 47.Bd5 Ke5 48.Bxf7 e3  0-1

[Event "4th London Classic Open"]
[Site "London ENG"]
[Date "2012.12.05"]
[Round "5"]
[White "Hebbes,T"]
[Black "Black,Ri"]
[Result "0-1"]
[WhiteElo "2111"]
[BlackElo "2227"]

1.e4 d6 2.d4 Nf6 3.Nc3 c6 4.Nf3 Bg4 5.Be2 e6 6.O-O Be7 7.Be3 O-O 8.h3 Bh5
9.Nd2 Bxe2 10.Qxe2 d5 11.e5 Ne8 12.a3 c5 13.Nf3 cxd4 14.Nxd4 Nc6 15.f4 Nc7
16.Kh1 f6 17.exf6 Bxf6 18.Rad1 Nxd4 19.Bxd4 Bxd4 20.Rxd4 Qf6 21.Rdd1 Rac8
22.Rf3 a6 23.Rd2 Rf7 24.Nd1 Nb5 25.c3 Nd6 26.Nf2 Nc4 27.Rd1 Rcf8 28.f5 exf5
29.Rxd5 Qc6 30.Rd4 b5 31.Nd3 Re8 32.Qf2 g6 33.Rg3 Qe6 34.a4 Nd6 35.Rf3 Ne4
36.Qg1 g5 37.Nf2 Nf6 38.axb5 axb5 39.Rfd3 Qe5 40.Qd1 h5 41.Rd8 Rxd8 42.Rxd8+ Kg7
43.Rd4 Re7 44.Kg1 Kg6 45.Rd6 g4 46.hxg4 hxg4 47.Rd4 g3 48.Nh3 Qe1+  0-1

[Event "4th London Classic Open"]
[Site "London ENG"]
[Date "2012.12.05"]
[Round "5"]
[White "Tortolero,Cesar"]
[Black "Burke,J"]
[Result "0-1"]
[WhiteElo "1926"]
[BlackElo "2068"]

1.e4 d6 2.d4 Nf6 3.Nc3 c6 4.Bg5 Nbd7 5.Qd2 Qa5 6.f4 e5 7.Nf3 Be7 8.Bc4 h6
9.Bxf6 Bxf6 10.fxe5 dxe5 11.d5 O-O 12.O-O-O Nc5 13.Kb1 b5 14.Bd3 b4 15.Ne2 cxd5
16.Ng3 Na4 17.Ne2 Rb8 18.Ka1 dxe4 19.Bxe4 Be6 20.b3 Nc5 21.Qe3 Rb6 22.Rb1 Nxe4
23.Qxe4 Bd5 24.Qe3 Bxf3 25.gxf3 e4+ 26.Rb2 Qe5 27.c3 exf3 28.Qxf3 Re8 29.Kb1 Rd6
30.Rc2 Red8 31.Nd4 Rxd4 32.cxd4 Qxd4 33.Re2 Qa1+ 34.Kc2 Qb2+  0-1

[Event "FSIM December 2012"]
[Site "Budapest HUN"]
[Date "2012.12.06"]
[Round "5.2"]
[White "Hou,Qiang"]
[Black "Morin,Y"]
[Result "1-0"]
[WhiteElo "2345"]
[BlackElo "2201"]

1.e4 d6 2.d4 Nf6 3.Nc3 e5 4.Nf3 Nbd7 5.Bc4 Be7 6.O-O O-O 7.h3 a6 8.a4 exd4
9.Qxd4 c5 10.Qd3 Qc7 11.Bg5 h6 12.Bh4 Rd8 13.a5 Ne5 14.Nxe5 dxe5 15.Qf3 Be6
16.Bxe6 fxe6 17.Bxf6 Bxf6 18.Na4 Rd4 19.c3 Rd6 20.Nb6 Rad8 21.Rad1 Qc6 22.Rxd6 Rxd6
23.Nc4 Rd8 24.Qg4 Kh7 25.h4 Kg8 26.g3 Kh8 27.Re1 Qd7 28.Kg2 Qc6 29.Qh5 Qc7
30.g4 Kg8 31.g5 Be7 32.Re3 Bf8 33.Qg6 Qb8 34.Kf1 Bd6 35.Rg3 Bc7 36.gxh6  1-0

[Event "4th London Classic Open"]
[Site "London ENG"]
[Date "2012.12.06"]
[Round "6"]
[White "Casaschi,Paolo"]
[Black "Willmoth,R"]
[Result "1/2-1/2"]
[WhiteElo "2005"]
[BlackElo "2164"]

1.e4 d6 2.d4 Nf6 3.Nc3 c6 4.Be2 Qa5 5.Bf3 e5 6.Ne2 Be7 7.O-O Be6 8.Be3 Na6
9.a3 h6 10.b4 Qc7 11.b5 Nb8 12.bxc6 bxc6 13.Nc1 Nbd7 14.Nd3 O-O 15.Qd2 Rad8
16.Rfd1 Rfe8 17.Nb4 Bg4 18.Bxg4 Nxg4 19.d5 Nxe3 20.Qxe3 Bg5 21.Qe2 Nb8 22.dxc6 Nxc6
23.Qc4 Rc8 24.Nb5 Qd7 25.Nxd6 Nd4 26.Nxc8 Rxc8 27.Qd3 Qg4 28.f3 Qh5 29.Rf1 Rc3
30.Qd1 a5 31.f4 Ne2+ 32.Kh1 Ng3+ 33.Kg1 Ne2+ 34.Kh1 Ng3+ 35.Kg1 Ne2+  1/2-1/2

[Event "4th London Classic Open"]
[Site "London ENG"]
[Date "2012.12.06"]
[Round "6"]
[White "Othman,Mustapha"]
[Black "Skutta,B"]
[Result "1-0"]
[WhiteElo "1865"]
[BlackElo "2067"]

1.e4 d6 2.d4 Nf6 3.Nc3 Nbd7 4.f4 e5 5.Nf3 exd4 6.Nxd4 g6 7.Be2 Bg7 8.O-O O-O
9.Kh1 Re8 10.Bf3 c6 11.a4 a5 12.b3 Nc5 13.Re1 Nfxe4 14.Bxe4 d5 15.Bxd5 Rxe1+
16.Qxe1 Bxd4 17.Be3 Bxc3 18.Qxc3 Qxd5 19.Bxc5 Bf5 20.Ba3 Re8 21.Bb2 Kf8 22.Qg7+ Ke7
23.c4 Qe6 24.Rd1 c5 25.Be5 Bc2 26.Rd5 Be4 27.Bf6+ Qxf6 28.Re5+ Qe6 29.Rxe6+ Kxe6
30.Qe5+ Kd7 31.Qxc5 Bc6 32.Kg1 Re2 33.g4 Rg2+ 34.Kf1 Rxg4 35.Qd4+ Kc7 36.Qe5+ Kd7
37.Qf6 Ke8 38.h3 Rg3 39.Qe5+ Kf8 40.h4 Rxb3 41.Ke2 Rb4 42.Kd3 Rxa4 43.f5 gxf5
44.Qxf5 Kg7 45.Qg5+ Kf8 46.Qh6+ Kg8 47.Qg5+ Kf8 48.h5 Ra1 49.Qd8+ Be8 50.Qd6+ Kg8
51.Qe5 Rd1+ 52.Ke2 Ba4 53.h6 Kf8 54.Qxa5 Ra1 55.Qd8+ Be8 56.Qd6+ Kg8 57.Qg3+  1-0

[Event "XVIII Navalmoral Open"]
[Site "Navalmoral de la Mata ESP"]
[Date "2012.12.06"]
[Round "3.9"]
[White "Ibarra Jerez,JC"]
[Black "Del Rio de Angelis,S"]
[Result "1-0"]
[WhiteElo "2535"]
[BlackElo "2485"]

1.e4 d6 2.d4 Nf6 3.Nc3 e5 4.Nf3 Nbd7 5.Bc4 Be7 6.a4 O-O 7.O-O a5 8.h3 c6
9.Re1 h6 10.Ba2 Re8 11.Be3 Qc7 12.Nh4 exd4 13.Bxd4 Nf8 14.e5 N6h7 15.exd6 Qxd6
16.Ne4 Qc7 17.Qh5 Ne6 18.Be5 Qb6 19.Nf5 Bf8 20.Ned6 Bxd6 21.Nxd6 Rf8 22.Qg4  1-0

[Event "3rd Bali Femenino Int"]
[Site "Benidorm ESP"]
[Date "2012.12.07"]
[Round "6.1"]
[White "Matnadze,A"]
[Black "Perera Borrego,M"]
[Result "1/2-1/2"]
[WhiteElo "2401"]
[BlackElo "2088"]

1.d4 d6 2.e4 Nf6 3.Nc3 e5 4.Nf3 Nbd7 5.a4 Be7 6.a5 O-O 7.Bc4 c6 8.O-O Rb8
9.h3 b5 10.axb6 axb6 11.Re1 b5 12.Bf1 Bb7 13.b3 Re8 14.Bb2 Bf8 15.dxe5 dxe5
16.Na2 Qc7 17.b4 Ba8 18.c4 c5 19.cxb5 cxb4 20.Nd2 Rec8 21.Bc4 Nb6 22.Bb3 Rd8
23.Qe2 Bc5 24.Rac1 Qe7 25.Kh2 Rbc8 26.Red1 Bb7 27.Bc2 h5 28.g3 Ra8 29.Bb3 Rxd2
30.Rxd2 Nxe4 31.Rdc2 Bxf2 32.Qxh5 Bxg3+ 33.Kg1 Nc3 34.Nxb4 Qc5+ 35.Kf1 Qxb5+
36.Kg1 Qc5+ 37.Kf1 Qb5+ 38.Kg1 Qc5+  1/2-1/2

[Event "60th ch-HUN w 2012"]
[Site "Kisvarda HUN"]
[Date "2012.12.07"]
[Round "4"]
[White "Papp,Petra"]
[Black "Rudolf,An"]
[Result "1-0"]
[WhiteElo "2254"]
[BlackElo "2322"]

1.e4 d6 2.d4 Nf6 3.Nc3 e5 4.Nf3 Nbd7 5.g4 Nxg4 6.Rg1 Ngf6 7.Bc4 h6 8.Be3 c6
9.dxe5 dxe5 10.Qd3 Nh5 11.O-O-O Be7 12.Qe2 Qc7 13.Nh4 Ndf6 14.Nf5 g6 15.Nxh6 Rh7
16.f3 Bd7 17.Qg2 O-O-O 18.Nxf7 Re8 19.Ng5 Rg7 20.Bf7 Rh8 21.Be6 Bb4 22.Bxd7+ Rxd7
23.Ne2 Qa5 24.Kb1 Rhd8 25.Rxd7 Rxd7 26.Nc1 Qb5 27.Qf2 a5 28.Qe2 Qxe2 29.Nxe2 Bd2
30.Bxd2 Rxd2 31.Re1 Nd7 32.Kc1 Rd6 33.Rd1 Rf6 34.Kd2 Kd8 35.Ke3 Ke7 36.Nh3 Rf8
37.Nf2 Rh8 38.Rg1 Kf7 39.Ng4 Nhf6 40.Nxf6 Kxf6 41.Rg2 Rh3 42.Ng1 Rh4 43.Kf2 Nc5
44.Kg3 Rh7 45.Rd2 Ne6 46.Nh3 Ke7 47.f4 Nc5 48.Re2 Kf6 49.fxe5+ Kxe5 50.Ng5 Rd7
51.Nf3+ Kf6 52.Kf4 Ne6+ 53.Ke3 g5 54.Rf2 Rh7 55.h4 gxh4 56.Nxh4+ Kg5 57.Nf3+ Kf6
58.Nd4+ Ke7 59.Nxe6 Kxe6 60.Kd4 b6 61.Rg2 Rh6 62.b3 Rf6 63.a4 Rh6 64.c3 Kd6
65.Rg7 c5+ 66.Kc4 Re6 67.Rg4 Ke5 68.Rg1 Rh6 69.Rg8 Re6 70.Kb5 Kxe4 71.Rb8 c4
72.bxc4 Kd3 73.Rxb6 Re5+ 74.c5 Kxc3 75.Rh6 Kb3 76.Rh3+ Kb2 77.Kb6 Rg5 78.c6 Rg6
79.Rh5 Kb3 80.Rxa5 Kb4 81.Ra8  1-0

[Event "4th London Classic Open"]
[Site "London ENG"]
[Date "2012.12.07"]
[Round "7"]
[White "Matthew,Ian G"]
[Black "Burke,J"]
[Result "1/2-1/2"]
[WhiteElo "1948"]
[BlackElo "2068"]

1.e4 d6 2.d4 Nf6 3.Nc3 c6 4.a4 Qa5 5.Bd2 Qb6 6.Nge2 e5 7.a5 Qc7 8.dxe5 dxe5
9.Ng3 Bc5 10.Na4 Be7 11.Bd3 Bg4 12.f3 Be6 13.O-O h5 14.Qe2 Nbd7 15.Be3 g6
16.Qf2 O-O 17.Kh1 c5 18.c4 h4 19.Nf5 Bxf5 20.exf5 Kg7 21.Be4 Rh8 22.Nc3 a6
23.fxg6 fxg6 24.Qc2 Nf8 25.Nd5 Nxd5 26.cxd5 Rd8 27.b4 Rc8 28.bxc5 Bxc5 29.Rfc1 Bd6
30.Qxc7+ Rxc7 31.Bb6 Rxc1+ 32.Rxc1 Nd7 33.Bf2 Kf6 34.h3 g5 35.Rb1 b5 36.axb6  1/2-1/2

[Event "XVIII Navalmoral Open"]
[Site "Navalmoral de la Mata ESP"]
[Date "2012.12.07"]
[Round "5.9"]
[White "Moreno Tejera,E"]
[Black "Del Rio de Angelis,S"]
[Result "1/2-1/2"]
[WhiteElo "2386"]
[BlackElo "2485"]

1.e4 d6 2.d4 Nf6 3.Nc3 e5 4.Nf3 Nbd7 5.Bc4 Be7 6.O-O O-O 7.a4 a5 8.Re1 c6
9.Ba2 exd4 10.Qxd4 Nc5 11.e5 dxe5 12.Qxe5 Bd6 13.Qd4 Be6 14.Rd1 Be7 15.Bxe6 Nxe6
16.Qxd8 Rfxd8 17.Be3 Bb4 18.Ne2 Nd5 19.Bd2 Bxd2 20.Rxd2 Nb6 21.Kf1 Rxd2 22.Nxd2 Rd8
23.Ke1 Nc5 24.Nc3 Na6 25.b3 Nb4 26.Rc1 f5 27.g3 Kf7 28.Nf1 g5 29.Ne3 f4 30.gxf4 gxf4
31.Ng2 Kf6 32.Nxf4 Kf5 33.Ng2 Kg4 34.Ke2 Kh3 35.Ne3 Re8 36.Kf3 Rf8+ 37.Ke2 Re8
38.Kf3 Rf8+  1/2-1/2

[Event "12th Porec Open"]
[Site "Porec CRO"]
[Date "2012.12.07"]
[Round "3.3"]
[White "Zufic,M"]
[Black "Ostovic,M"]
[Result "1/2-1/2"]
[WhiteElo "2420"]
[BlackElo "2282"]

1.e4 d6 2.d4 Nf6 3.Nc3 e5 4.Nf3 Nbd7 5.Bc4 Be7 6.O-O O-O 7.Re1 c6 8.a4 a5
9.h3 Nb6 10.Bf1 exd4 11.Nxd4 d5 12.exd5 Nbxd5 13.Nxd5 Nxd5 14.c3 Bg5 15.Bc4 Bxc1
16.Rxc1 Nb6 17.Bb3 Bd7 18.Re5 Qf6 19.Qe2 Rfe8 20.Re1 Rxe5 21.Qxe5 Qxe5 22.Rxe5 Kf8
23.f4 f6  1/2-1/2

[Event "FSIM December 2012"]
[Site "Budapest HUN"]
[Date "2012.12.08"]
[Round "7.3"]
[White "Kahn,E"]
[Black "Morin,Y"]
[Result "1/2-1/2"]
[WhiteElo "2255"]
[BlackElo "2201"]

1.e4 d6 2.d4 Nf6 3.Nc3 e5 4.dxe5 dxe5 5.Qxd8+ Kxd8 6.Bg5 Be6 7.O-O-O+ Nd7
8.f4 exf4 9.e5 h6 10.Bxf4 Ng4 11.Rd2 g5 12.Bg3 Ne3 13.Nf3 Bb4 14.Nd4 Bxc3
15.bxc3 Nxf1 16.Rxf1  1/2-1/2

[Event "Bundesliga 2012-13"]
[Site "Griesheim GER"]
[Date "2012.12.08"]
[Round "5"]
[White "Geske,J"]
[Black "Schaeffner,C"]
[Result "1-0"]
[WhiteElo "2401"]
[BlackElo "2165"]

1.e4 d6 2.d4 Nf6 3.Nc3 Nbd7 4.Nf3 e5 5.Bc4 Be7 6.O-O O-O 7.Re1 c6 8.a4 b6
9.b3 Bb7 10.Bb2 a6 11.Bd3 Qc7 12.Ne2 b5 13.Ng3 g6 14.c4 bxa4 15.Rxa4 Rfe8
16.Bc2 Bf8 17.Qa1 Bg7 18.c5 dxc5 19.dxe5 Ng4 20.e6 Bxb2 21.exf7+ Kxf7 22.Qxb2 h6
23.h3 Nge5 24.Nxe5+ Qxe5 25.Qc1 Qg5 26.Re3 Bc8 27.e5 Nxe5 28.f4  1-0

[Event "Bundesliga 2012-13"]
[Site "Griesheim GER"]
[Date "2012.12.08"]
[Round "5"]
[White "Grabarczyk,B"]
[Black "Thiede,L"]
[Result "1/2-1/2"]
[WhiteElo "2393"]
[BlackElo "2441"]

1.e4 d6 2.d4 Nf6 3.Nc3 e5 4.Nge2 Be7 5.f3 O-O 6.Be3 a6 7.g4 b5 8.dxe5 dxe5
9.g5 Nfd7 10.Qd2 c6 11.Ng3 Bc5 12.O-O-O Qb6 13.Nf5 Bxe3 14.Qxe3 Qxe3+ 15.Nxe3 Nc5
16.h4 f6 17.Bh3 Bxh3 18.Rxh3 fxg5 19.hxg5 Ne6 20.Rg3 Nd4 21.Nf5 Nxf5 22.exf5 Rxf5
23.Rh3 Ra7 24.Rd8+ Rf8 25.Rxf8+ Kxf8 26.Rxh7 Kg8 27.Rh3 Rf7 28.Ne4 Nd7 29.Kd2 Nf8
30.Ke3 Ne6 31.c3 Rf5 32.g6 Nf4 33.Rg3  1/2-1/2

[Event "5th Kolkata Open"]
[Site "Kolkata IND"]
[Date "2012.12.08"]
[Round "6"]
[White "Praneeth,S"]
[Black "Sagar,S"]
[Result "1/2-1/2"]
[WhiteElo "2246"]
[BlackElo "2393"]

1.e4 d6 2.d4 Nf6 3.Nc3 e5 4.Nf3 Nbd7 5.g4 Nxg4 6.Rg1 Ngf6 7.Bc4 h6 8.Be3 c6
9.dxe5 dxe5 10.Qe2 b5 11.Bb3 Qa5 12.O-O-O Ba6 13.Qe1 b4 14.Nb1 Nc5 15.Bxc5 Qxc5
16.Nh4 Bb5 17.f4 exf4 18.e5 Nd5 19.e6 O-O-O 20.exf7 Qe3+ 21.Qxe3 fxe3 22.Bxd5 cxd5
23.Ng6 Rh7 24.Rxd5 Rxd5 25.Nxf8 Rf5 26.Nxh7 Rxf7 27.Re1 e2 28.Kd2 g6 29.c3 Rxh7
30.cxb4 Rd7+ 31.Kc1 Re7 32.Nc3 Bc4 33.b3 Ba6 34.b5 Bb7 35.Rxe2 Rxe2 36.Nxe2 Kd7
37.Kd2 Ke6 38.Ke3 Ke5 39.a4 g5 40.a5 Kd5 41.Nd4 Kc5 42.Nf5 h5 43.b6 a6 44.Ng7 Kb5
45.Nxh5 Kxa5  1/2-1/2